Normal view
MARC view
Entry Topical Term
001 - CONTROL NUMBER
- control field: 26699
003 - CONTROL NUMBER IDENTIFIER
- control field: Doon University
005 - DATE AND TIME OF LATEST TRANSACTION
- control field: 20260423121536.0
008 - FIXED-LENGTH DATA ELEMENTS
- fixed length control field: 260423|| aca||aabn | a|a d
040 ## - CATALOGING SOURCE
- Original cataloging agency: Doon University
- Transcribing agency: Doon University
150 ## - HEADING--TOPICAL TERM
- Topical term or geographic name entry element: Physics (PM USHA)
670 ## - SOURCE DATA FOUND
- Source citation: Work cat.: (Doon University)60693: Morris, Dennis 26695, Special Theory of Relativity, 2026